| 000 | 00473cam a2200181ua 4500 | ||
|---|---|---|---|
| 001 | 4330 | ||
| 008 | 111223n ii |||gr||||Z||||||asm | ||
| 040 | _cMAIN | ||
| 082 | _a891.4513 | ||
| 100 | 1 | _aMisra, Krishna Kumar, | |
| 245 | 1 | 1 |
_aUpanyaxor dehbichar _cby Krishna Kumar Misra |
| 250 | _a1st. | ||
| 260 |
_aDibrugarh: _bAssamese deptt. Dibrugarh university, _c2011. |
||
| 300 |
_a56p: _c23cm. |
||
| 653 | _aAssamese novel | ||
| 653 | _aUpanyaxor dehbichar | ||
| 942 | _cBK | ||
| 999 |
_c4148 _d4148 |
||